Statistics for Most Streamed Playboi Carti Songs

Click here to take the quiz!

General Stats

  • This quiz has been taken 284 times
    (211 since last reset)
  • The average score is 11 of 20

Answer Stats

StreamsAlbumSong% Correct
766.9MPlayboi CartiMagnolia
95%
619.2MWhole Lotta RedSky
95%
278.4MUtopiaFE!N
89%
281.9MDie LitR.I.P.
80%
643.4MDie LitShoota
72%
347.9MPlayboi CartiLocation
71%
499.6MPlayboi Cartiwokeuplikethis*
69%
155.4MWhole Lotta RedStop Breathing
66%
495.1MTrip At KnightMiss The Rage
63%
482.4MThe IdolPopular
62%
252.5MWhole Lotta RedVamp Anthem
60%
247.9MDie LitLong Time - Intro
57%
150.7MWhole Lotta RedNew Tank
48%
244.2MWhole Lotta RedILoveUIHateU
47%
312.1MDie LitFell In Luv
44%
240.6MDark Lane Demo TapesPain 1993
40%
182.7MDie LitFlatBed Freestyle
34%
178.7MDie LitForeign
29%
324.2MPerfect TenBaguettes in the Face
16%
184.9MSingle FeatureRAF
4%

Score Distribution

Percentile by Number Answered

Percent of People with Each Score

Your Score History

You have not taken this quiz since the last reset